Catálogo
 En Linea

Arturo Michelena en los Teques : (Registro nro. 14543)

Detalles MARC
000 -CABECERA
campo de control de longitud fija 01112nam a22002057a 4500
001 - NÚMERO DE CONTROL
campo de control 000014968
005 - FECHA Y HORA DE LA ÚLTIMA TRANSACCIÓN
campo de control 20200929163931.0
008 - DATOS DE LONGITUD FIJA--INFORMACIÓN GENERAL
campo de control de longitud fija 980108s1997 ve a 000 0 spa
040 ## - FUENTE DE LA CATALOGACIÓN
Centro catalogador/agencia de origen DO-SdBNP
Centro/agencia transcriptor spa
-- BNPHU
100 1# - ENTRADA PRINCIPAL--NOMBRE DE PERSONA
Nombre de persona Michelena, Arturo,
Fechas asociadas al nombre 1863-1898.
9 (RLIN) 33864
245 10 - MENCIÓN DE TÍTULO
Título Arturo Michelena en los Teques :
Resto del título exposición de obras de arte, mobiliario, documentos y fotografías originales del artista en las colecciones de la Fundación Museo Arturo Michelena de Caracas, Los Teques, 21 de octubre de 1997. /
Mención de responsabilidad, etc. Arturo Michelena; presentación Enrique Me ndoza D Ascoli; introducción Francisco Da Antonio.
260 ## - PUBLICACIÓN, DISTRIBUCIÓN, ETC.
Lugar de publicación, distribución, etc. Caracas :
Nombre del editor, distribuidor, etc. El Museo,
Fecha de publicación, distribución, etc. 1997.
300 ## - DESCRIPCIÓN FÍSICA
Extensión 36 p. :
Otras características físicas ill. ;
Dimensiones 28 cm.
440 #0 - MENCIÓN DE SERIE/PUNTO DE ACCESO ADICIONAL--TÍTULO
Título Exposición (Fundación Museo Arturo Michelena) ;
Designación de volumen o secuencia no. 13
9 (RLIN) 33870
440 #0 - MENCIÓN DE SERIE/PUNTO DE ACCESO ADICIONAL--TÍTULO
Título Catálogo (Fundación Museo Arturo Michelena) ;
Designación de volumen o secuencia 12
9 (RLIN) 33871
700 1# - PUNTO DE ACCESO ADICIONAL--NOMBRE DE PERSONA
Nombre de persona Mendoza D, Ascoli, Enrique
Títulos y otros términos asociados al nombre presentación
9 (RLIN) 33885
700 1# - PUNTO DE ACCESO ADICIONAL--NOMBRE DE PERSONA
Nombre de persona Da Antonio, Francisco
Títulos y otros términos asociados al nombre Introducción
9 (RLIN) 33886
830 #0 - PUNTO DE ACCESO ADICIONAL DE SERIE-TÍTULO UNIFORME
Título uniforme Exposición (Fundación Museo Arturo Michelena) ;
Designación de volumen o secuencia 13
9 (RLIN) 33870
830 #0 - PUNTO DE ACCESO ADICIONAL DE SERIE-TÍTULO UNIFORME
Título uniforme Catalogación (Fundación Museo Arturo Michelena) ;
9 (RLIN) 33887
Existencias
Estado de retiro Estado de pérdida Restricciones de uso No para préstamo Código de colección Localización permanente Ubicación/localización actual Ubicación en estantería Fecha de adquisición Número de inventario Total de préstamos Signatura topográfica completa Código de barras Fecha visto por última vez Precio válido a partir de Tipo de ítem Koha Número de copia
      Excluido de préstamo Monografías: Libros y Folletos General General Depósito 27.01.2010 LF1   14968-10 25.06.2020 25.06.2020 No se presta  
      Excluido de préstamo Monografías: Libros y Folletos General General En catalogación 27.01.2010 LF1   14968-20 25.06.2020 25.06.2020 No se presta e. 2

Con tecnología Koha